000 00718nam a22002297a 4500
003 OSt
005 20251022150133.0
008 251022b |||||||| |||| 00| 0 eng d
020 _a9781897748350
040 _cMUST
082 _a658.1 JAM 1998
100 _aJames Rick
_919490
245 _aDemystifyng organisation development : Practical capacity- building experiences of African NGOs
260 _aUK
_bINTRAC
_cc1998
300 _a212p.
_bill.
_c23cm.
440 _aPractical capacity-building experiences of African NGOs
_919491
504 _aBibliography , appendix
650 _2 Demystifyng organisation development
650 _2Capacity-building
700 _aRick James
_919492
942 _2ddc
_cO_SHELF
999 _c9582
_d9582